Image Word Wheel VIII Quiz Stats

 Plays Quiz Updated Feb 26, 2019

Score 0/14 Timer 02:00
13 Plays Today
% Correct
MAP
99.4%
PIG
99.1%
CAR
99%
CAT
98.9%
DOG
98.8%
MOP
98.7%
POP
97.6%
% Correct
DIG
97.5%
POT
97.1%
DOT
96.8%
PIT
93.9%
COT
93%
GAP
81.3%
GAR
78.4%

You're not logged in!

Compare scores with friends on all Sporcle quizzes.
OR
Log In

Sporcle TV

Today on Sporcle TV


Watch our educational content, quiz creation guides, and fun videos on Sporcle TV.

Show Comments

Extras

Top Quizzes Today


Score Distribution

Your Account Isn't Verified!

In order to create a playlist on Sporcle, you need to verify the email address you used during registration. Go to your Sporcle Settings to finish the process.

Report this User

Report this user for behavior that violates our Community Guidelines.

Details: